000 01226nam a2200265 i 4500
001 123022
003 ES-MaACL
005 20251217152101.0
007 t|
008 070214s1906 sp |||| | spa d
080 _a821.134.2 Ruiz, Juan, Arcipreste de Hita 1.07
100 1 _aPuyol y Alonso, Julio,
_d1865-1937
_994454
245 1 3 _aEl Arcipreste de Hita :
_bestudio crítico /
_cpor Julio Puyol y Alonso.
260 _aMadrid :
_b[s.n.],
_c1906 (
_fSucesora de M. Minuesa de los Ríos)
300 _a364 p ;
_c20 cm.
505 8 _aContiene: Breve resumen del estado de las letras castellanas en tiempo del Arcipreste de Hita . Juan Ruiz, Arcipreste de Hita . El Libro de buen amor
530 _aDisponible en formato digital.
600 1 4 _aRuiz, Juan
_cArcipreste de Hita-
_xCrítica e interpretación.
_9143836
600 1 4 _aRuiz, Juan
_c, Arcipreste de Hita.
_tEl libro de buen amor.
_9100616
852 _aES-MaACL
_jB-2595
_cSPB
856 4 _uhttp://bdh-rd.bne.es/viewer.vm?id=0000231379&page=1
_y(Biblioteca Digital Hispánica)
856 4 _uhttps://bibliotecadigital.jcyl.es/es/consulta/registro.do?id=18886
_y(Biblioteca Digital de Castilla y León)
942 _2udc
999 _c123022
_d123022